| Tag |
First Indicator |
Second Indicator |
Subfields |
| LEADER |
00000cgm a2200000Mi 4500 |
| 001 |
in00005552321 |
| 006 |
m o c |
| 007 |
cr |n||||||||a |
| 007 |
vz |za|z| |
| 008 |
220628s2021 idu094 e o vneng d |
| 005 |
20241201230640.0 |
| 035 |
|
|
|a (OCoLC)on1336058197
|
| 040 |
|
|
|a ALSTP
|b eng
|e rda
|c ALSTP
|d OCLCF
|d OCLCO
|d OCLCL
|d DXU
|
| 019 |
|
|
|a 1373447212
|a 1444017511
|
| 035 |
|
|
|a (OCoLC)1336058197
|z (OCoLC)1373447212
|z (OCoLC)1444017511
|
| 043 |
|
|
|a n-us---
|
| 049 |
|
|
|a TXAM
|
| 245 |
0 |
0 |
|a I married the war /
|c directed by Ken Rodgers, Betty Rodgers ; produced by Ken Rodgers, Betty Rodgers, Syringa Cinema, Wide Eye Productions.
|
| 264 |
|
1 |
|a Meridian, ID :
|b Syringa Cinema,
|c 2021.
|
| 300 |
|
|
|a 1 online resource (94 minutes)
|
| 306 |
|
|
|a 013342
|
| 336 |
|
|
|a two-dimensional moving image
|b tdi
|2 rdacontent
|
| 337 |
|
|
|a computer
|b c
|2 rdamedia
|
| 337 |
|
|
|a video
|b v
|2 rdamedia
|
| 338 |
|
|
|a online resource
|b cr
|2 rdacarrier
|
| 347 |
|
|
|a video file
|2 rdaft
|
| 490 |
0 |
|
|a Academic Video Online
|
| 500 |
|
|
|a Title from resource description page (viewed June 29, 2022).
|
| 520 |
|
|
|a Through every generation and from every corner of our nation, women have waited and welcomed their warriors back from battle, only to discover that the conflict followed their husbands home. In I Married the War, wives of combat veterans from WWII to the Middle-East wars bring to light the ways in which families are impacted and forever changed by the victories and defeats experienced by our country's veterans. This is a story of struggle, isolation, triumph, redemption, and love.
|
| 546 |
|
|
|a In English.
|
| 650 |
|
0 |
|a Veterans
|x Mental health
|z United States.
|
| 650 |
|
0 |
|a Military spouses.
|
| 650 |
|
0 |
|a Man-woman relationships.
|
| 650 |
|
0 |
|a Post-traumatic stress disorder.
|
| 650 |
|
6 |
|a Anciens combattants
|x Santé mentale
|z États-Unis.
|
| 650 |
|
6 |
|a Militaires
|x Conjoints.
|
| 650 |
|
6 |
|a Relations entre hommes et femmes.
|
| 650 |
|
6 |
|a État de stress post-traumatique.
|
| 650 |
|
7 |
|a Man-woman relationships
|2 fast
|
| 650 |
|
7 |
|a Military spouses
|2 fast
|
| 650 |
|
7 |
|a Post-traumatic stress disorder
|2 fast
|
| 650 |
|
7 |
|a Veterans
|x Mental health
|2 fast
|
| 651 |
|
7 |
|a United States
|2 fast
|1 https://id.oclc.org/worldcat/entity/E39PBJtxgQXMWqmjMjjwXRHgrq
|
| 655 |
|
7 |
|a documentary film.
|2 aat
|
| 655 |
|
7 |
|a Documentary films
|2 fast
|
| 655 |
|
7 |
|a Documentary films.
|2 lcgft
|
| 655 |
|
7 |
|a Documentaires.
|2 rvmgf
|
| 700 |
1 |
|
|a Rodgers, Ken,
|e director,
|e producer.
|
| 700 |
1 |
|
|a Rodgers, Betty,
|e director,
|e producer.
|
| 710 |
2 |
|
|a Syringa Cinema,
|e production company,
|e film distributor.
|
| 710 |
2 |
|
|a Wide Eye Productions,
|e production company.
|
| 856 |
4 |
0 |
|u http://proxy.library.tamu.edu/login?url=https://www.aspresolver.com/aspresolver.asp?MARC;5242240
|z Connect to this streaming video (Alexander Street Press)
|t 0
|
| 955 |
|
|
|a Alexander Street Press subscription streaming video
|
| 994 |
|
|
|a 92
|b TXA
|
| 999 |
f |
f |
|s 1c5145da-b421-4fe1-95e8-d97e4d585964
|i e7a44d91-8fa3-4a6a-9f43-ddc40fcca763
|t 0
|
| 952 |
f |
f |
|a Texas A&M University
|b College Station
|c Electronic Resources
|d Available Online
|t 0
|h Library of Congress classification
|
| 998 |
f |
f |
|t 0
|l Available Online
|